Nádherné Vianoce 4

Bibliographic Details
Format: Book
Language:Slovak
PhysicalDescription:1 magnetofónová kazeta stereo
Published: Bratislava Reader's Digest Výber 1998
Subjects:

MARC

LEADER 00000nam a2200000 a 4500
001 vtls001354649
003 SK-MaSNL
005 20260301114915.0
008 130606s1999 xo 0 slo
015 |a SNBJ1999/02-01305 
035 |a SNK000308093 
040 |a SNK  |b slo  |c SNK  |e AACR2 
044 |a xo  |c SK 
080 |a 785.11(086.7)  |2 1981 
245 1 |a Nádherné Vianoce  |h zvukový dokument  |n 4 
260 |a Bratislava  |b Reader's Digest Výber  |c 1998 
300 |a 1 magnetofónová kazeta  |b stereo 
505 0 |a Obsahuje 6 diel 
650 0 7 |a symfonická hudba  |2 SNK  |9 68261 
655 7 |a magnetofónové kazety  |2 SNK  |9 70693 
999 |c 720200  |d 722130 
952 |t P60, <03>, [BOOK], {603}  |a SNK  |b SNK  |y PREZ  |7 0  |p 17A0179988  |o snkK 2127/4  |i snkJK 37/99  |0 0  |1 0  |4 0  |d 1999-02-08  |l 0  |r 2005-01-02 00:00:00  |w 2026-02-23